Especies de crocódilos - Estadísticas

Estadísticas generales
  • Esta prueba ha sido intentada 6 veces
  • La puntuación promedio es 13 de 24
Estadísticas de respuestas
Familia Género Especie Nombre % Correcto
Alligatoridae Alligator Mississippiensis Aligátor americano/Caimán del Misisipi
100%
Crocodylidae Crocodylus Acutus Cocodrilo americano
100%
Sinensis Aligátor chino
80%
Crocodilus Caimán de anteojos
80%
Paleosuchus Palpebrosus Caimán de Cuvier
80%
Trigonatus Caimán frentiplano
80%
Melanosuchus Niger Caimán negro
80%
Palustris Cocodrilo de las marismas
80%
Moreletii Cocodrilo de Morelet
80%
Osteolaemus Tetrapis Cocodrilo enano
80%
Porosus Cocodrilo marino
80%
Tomistoma Schlegelii Falso Gavial/Gavial malayo
60%
Gavialidae Gavialis Gangeticus Gavial
60%
Niloticus Cocodrilo del Nilo
40%
Caiman Yacare Yacaré negro
40%
Latirostris Yacaré overo
40%
Suchus Cocodrilo africano occidental
20%
Johnsoni Cocodrilo australiano de agua dulce
20%
Novaguineae Cocodrilo de Nueva Guinea
20%
Mecistops Cataphractus Cocodrilo hociquifino africano
20%
Siamensis Cocodrilo siamés
20%
Rhombifer Cocodrilo cubano
0%
Intermedius Cocodrilo del Orinoco
0%
Mindorensis Cocodrilo filipino
0%
No se encontraron pruebas coincidentes
Distribución de puntuación
Porcentaje de gente con cada puntuación
Porcentaje por número respondido
Historial de tus puntuaciones
No has intentado esta prueba.